| 000 | 01388nam a22005177a 4500 | ||
|---|---|---|---|
| 003 | OSt | ||
| 008 | 140329b xxu||||| |||| 00| 0 eng d | ||
| 100 | 1 | _aBlake, Maurice C. | |
| 041 | _aeng | ||
| 245 | 1 | 0 | _aBoston postmarks to 1890 |
| 260 |
_aLawrence, MA _bQuarterman Publications, Inc. |
||
| 300 | _a367 pages | ||
| 650 | 0 | _aUnited States | |
| 650 | 0 | _aMassachusetts | |
| 650 | 0 | _aBoston | |
| 650 | 0 | _aPostal Markings | |
| 650 | 0 | _aPostal History | |
| 650 | 0 | _a1630-1890 | |
| 650 | 0 | _aUnited States -- History -- Colonial Period, ca. 1600-1775 | |
| 650 | 0 | _a17th Century | |
| 650 | 0 | _a18th Century | |
| 650 | 0 | _a19th Century | |
| 650 | 0 | _aPostal Service | |
| 650 | 0 | _aTransportation of Mail | |
| 650 | 0 | _aMaritime Mail | |
| 650 | 0 | _aShipping Companies and Packet Service | |
| 650 | 0 | _aLocals and Private Posts | |
| 650 | 0 | _aMail Coaches | |
| 650 | 0 | _aExpress Companies | |
| 650 | 0 | _aExpress Mail | |
| 650 | 0 | _aRailway Mail | |
| 650 | 0 | _aTransoceanic Mail | |
| 650 | 0 | _aInternational Mail | |
| 650 | 0 | _aFee Paid Mail | |
| 650 | 0 | _aPostage Dues | |
| 650 | 0 | _aRegistered Mail | |
| 650 | 0 | _aFancy Cancels | |
| 650 | 0 | _aMachine Cancels | |
| 650 | 0 | _aPostal Rates | |
| 650 | 0 | _aPostal Routes | |
| 650 | 0 | _aPostal Laws and Regulations | |
| 650 | 0 | _aCovers | |
| 650 | 0 | _aPre-adhesive Covers | |
| 650 | 0 | _aBritish America | |
| 700 | 1 | _aHELP | |
| 999 |
_c490 _d490 |
||